Quizzes
Events
Quiz Creation
Community
Videos
Private Events
Remove Ads
Sign In
Join for FREE
Feedback
Dark Mode
Quiz Categories
Sports
Geography
Music
Movies
Television
Just For Fun
Miscellaneous
History
Literature
Language
Science
Gaming
Entertainment
Religion
Holiday
For Kids
Quiz Lab
Recent
Popular Today
Quiz Kudos Today
Editor Picks
Curator Picks
Quizzes by...
Day
Popularity
Type
Ratings
Length
Year
Community
Subscriptions
Recent Discussions
Orange Saloon
Badges
Playlists
Quests
Create
Leaderboards
Showdown
Live 5
Trivia Bingo
Activity
Puzzle Library
Sporcle Events
Private Events
Virtual Trivia
Globe League
Become a Host
Pub Owners
SporcleCon
Opinionation
Our Games
Videos
Blog
Mobile Apps
Partnerships
Remove Ads and Go Orange
Feedback
Literature
Harry Potter
A Song of Ice and Fire
The Hunger Games
Literary Character
Shakespeare
Book
Author
Novel
Poem
Young Adult
Children's Books
Play
Lord of the Rings
Literature
Harry Potter
A Song of Ice and Fire
The Hunger Games
Literary Character
Shakespeare
Book
Author
Novel
Poem
Young Adult
Children's Books
Play
Lord of the Rings
Random Quiz
Search Sporcle
×
Quiz Lab
Quiz Lab
Literature
Harry Potter
Type in answers that appear in a list
Type in answers that appear in a list
Classic
Best Score? Go Orange.
Harry Potter Rarely Mentioned Characters Stats
Can you name the Rarely Mentioned Harry Potter Characters?
By
the_stumper
8m
19 Questions
417 Plays
417 Plays
417 Plays
Comments
Comments
Give Quiz Kudos
Give Quiz Kudos
-
- Ratings
hide this ad
Replay
Link that replays current quiz
Next Quiz
Link to next quiz in quiz playlist
You Got
0%
They Got
Avg Score
42%
Avg Friend Score
Upgrade to see
Score Distribution
Jump to the score distribution portion of the page
Score
0/19
Timer
08:00
0
Plays Today
Hint
Name
% Correct
A painting, he has a large sword and rides a fat pony
Sir Cadogan
78.2%
Witch who attempted to slip Harry a love potion, Ron got a does instead
Romilda Vane
75.3%
Member of the DA, they told Umbridge about the meetings and had SNEAK written across their forehead
Marietta Edgecombe
71%
Meets Harry in the Leaky Cauldron, when Voldemort was first beaten by Harry he sent sparks flying that muggles assumed were shooting stars
Dedalus Diggle
66.9%
Student who made Moaning Myrtle cry and hide into the bathroom, eventually leading to her death
Olive Hornby
60%
Full name of Nearly Headless Nick
Sir Nicholas de Mimsy-Porpington
59.7%
Sorted with Harry into Ravenclaw, surname Brocklehurst
Mandy Brocklehurst
52.3%
Wife of Nicolas Flamel
Perenelle
46.5%
Meets Harry in the Leaky Cauldron, shakes his hand repeatedly
Doris Crockford
45.6%
A gryffindor student who had terrible acne, Ron would have rather gone to the Yule ball alone than with her
Eloise Midgen
45.6%
Hint
Name
% Correct
Sorted with Harry into Ravenclaw, surname Turpin
Lisa Turpin
44.8%
A death eater, they conjured the dark mark above the astronomy tower and was accidentally killed by fellow death eater Rowle
Gibbon
29.7%
Care of Magical Creatures Professor before Hagrid
Silvanus Kettleburn
25.9%
Sent with Travers to interrogate Xenophilius Lovegood about the whereabouts of Harry Potter
Selwyn
24.2%
Slytherin seeker during Harry's first year
Terrence Higgs
19.4%
The student who was sorted right before Harry, her house is unknown
Sally-Anne Perks
18.5%
Durmstrang student who entered his name in the Goblet of Fire, lost to Krum
Poliakoff
17.5%
Member of the OOTP, Moody pointed him out to Harry in a photgraph and mentioned his body was never found
Caradoc Dearborn
11.5%
Chocolate frog card Ron desires while on the Hogwarts express
Aggripa
9.8%
Quiz Playlist
Details
Report
Send in Message
Add To Playlist
Classic:
Type in answers that appear in a list
Quiz Source
Last Updated: Feb 16, 2017
Quiz Scoreboard
CHALLENGE
Sign Up to Join the Scoreboard
Show All
Scores
Hide
Comments
May contain spoilers
Recently Published
One Thing in Common: World Cities II
by knightlancer
Geography
7m
Popular People in 1961
by mucciniale
History
6m
1-10 Letter E Words III
by El_Dandy
Language
2m
More to Explore
Quiz From the Vault
Featured Blog Post
Where Did the Easter Bunny Come From?
hide this ad
You Might Also Like...
Tags
Harry Potter Quiz
Character
mentions
Today's Top Quizzes in Literature
Browse Literature
hide this ad
Today's Top Quizzes in Harry Potter
Browse Harry Potter
Top Contributed Quizzes in Literature
1
Sneaky Slytherin Logic Puzzle
2
Get The Picture: Black or White Literature
3
One Thing in Common: Literature
4
Weasley Family Reunion: Logic Puzzle
5
Lily Potter Start to Finish
6
James Potter Start to Finish
7
ASOIAF Logic Puzzle [Difficult] [Read Note first!!]
8
One piece logic quiz 3 (Hard difficulty)
9
One Thing in Common: Books
10
Harry Potter and the Philosopher's Stone Logic Puzzle
Explore More
Trending Topics
NBA
Crossword
Kpop
Harry Potter
Disney
Marvel
Anime
Pokémon
WWE
The Office
Song
Country
Puzzle
Soccer
NFL
hide this ad
More By:
the_stumper
Quiz
Plays
Rating
Category
Featured
Created
Harry Potter ABC's
1,006
1.71
Literature
Jul 19, 2010
Harry Potter Anagrams
777
3.00
Literature
Jul 21, 2010
Harry Potter Rarely Mentioned Characters
417
2.33
Literature
Jul 18, 2010
Go to Creator's Profile
Score Distribution
Quiz Creator Spotlight
the_stumper
Follow
Send a Message
Quizzes Created
-
Created Quiz Play Count
-
More By This Creator
Popular Quizzes Today
1
Find the US States - No Outlines Minefield
2
The Countries of the World
3
Find the Countries of Europe - No Outlines Minefield
4
Popular People in 1961
5
1-10 Letter E Words III
6
Find the US States
7
One Thing in Common: World Cities II
8
US States
More Literature Quizzes
Anyone But Dirk Cresswell
Quiz Lab
Trending Quizzes
Risky Map Clicking: Least Populous States A-Z
1-10 Letter F Words
1-10 Letter G Words
One Thing in Common: United Kingdom
Risky Map Clicking: Next State Alphabetically
Recently Updated
Leaping Animals
pecheneg
Reality TV Shows (A-Z)
bhenderson79
Rickey Henderson's Hall of Fame Teammates
pecheneg
Champions League XIs: Arsenal
pecheneg
Quick Pick: Celebrities in WWE's Hall of Fame
aduchscher
A-Z Keypad Blitz II
pecheneg
Multiple Oscar Actors
pecheneg
Mystery Phrase Blitz: Oscar 'Best Actors'
pecheneg
F. Scott Fitzgerald Novels
LTH
Pick 3 Villains
ddd62291
Trending Topics
Kpop
Marvel
Anime
Crossword
Harry Potter
NBA
Disney
NFL
Country
WWE
Song
Puzzle
Pokémon
Soccer
The Office
Your Account Isn't Verified!
In order to create a playlist on Sporcle, you need to verify the email address you used during registration. Go to your
Sporcle Settings
to finish the process.
Report this User
Report this user for behavior that violates our
Community Guidelines
.
Details:
Send Report
Go to the Sporcle.com Mobile Site →
Comments